| 000 | 00475 a2200133 4500 | ||
|---|---|---|---|
| 999 |
_c321814 _d321814 |
||
| 001 | 86741 | ||
| 003 | NUST | ||
| 005 | 20180123112406.0 | ||
| 008 | 180123b xxu||||| |||| 00| 0 eng d | ||
| 082 | _a923.2 NAZ | ||
| 100 |
_aQayum Nazami _99600 |
||
| 245 |
_aQuaid-e-Azam Bahasiat-e-Governer General: establishment of New republic, decisions and directions _hUrdu |
||
| 260 |
_aLahore _bJehangir Books _c2010 |
||
| 300 | _a226p. | ||
| 740 |
_aFirst governor general Pakistan _hquaid- Pakistan dream- political, economic and religious foundations |
||
| 942 |
_aCAE NUST _cBK _k923.2 NAZ _2ddc |
||